Football : les 10 footballeurs les mieux payés sur l'année 2024 - Statistiques

Statistiques générales
  • Ce quiz a été pris 302 fois
  • Le résultat moyen est 7 sur 10
Statistiques - réponses
Salaire a l'année Joueur % Correct
263 000 000$ Cristiano Ronaldo
99%
124 000 000$ Lionel Messi
98%
83 000 000$ Kylian Mbappé
97%
101 000 000$ Neymar Jr
89%
51 000 000$ Vinicius Jr
71%
55 000 000$ Erling Haaland
66%
96 000 000$ Karim Benzema
61%
49 000 000$ Mohamed Salah
50%
36 000 000$ Kevin De Bruyne
44%
48 000 000$ Sadio Mané
43%
Aucun quiz correspondant
Distribution des résultats
% des personnes avec chaque résultat
Percentile par nombre de réponses
Votre historique - résultats
Vous n’avez pas pris ce quiz